000 00336nam a2200121Ia 4500
008 240731s9999 xx 000 0 und d
022 _a2055-5571
245 0 _aPaleoAmerica : A journal of early human migration and dispersal
260 _bRoutledge
856 _uhttps://www.tandfonline.com/loi/ypal20
942 _2ddc
942 _cTFEJ
999 _c78853
_d78853
945 _a1
_bMadushi Gamage
_c1
_dMadushi Gamage